000
00291nam a2200133Ia 4500
100
_a
SRINIVAS/ NAIR
650
_a
Communication skills
942
_c
BK
245
_a
Communication Skills
260
_b
TMH
_a
New Delhi
_c
2002
082
_a
372.6/SRI/NAI
300
_a
106
546
_a
ENGLISH
999
_c
21720
_d
21720